000
00191nam a2200109Ia 4500
100
_a
WOUK/HERMAN
942
_c
BK
245
_a
THE HOPE
260
_b
#N/A
546
_a
ENGLISH
999
_c
24096
_d
24096